| 000 | 00000nam##2200000za#4500 |
| 001 | 9.692888 |
| 003 | CaOODSP |
| 005 | 20210624233421 |
| 007 | cr ||||||||||| |
| 008 | 150407|2009||||xxc|||||o f|0| 0 eng|d |
| 040 | |aCaOODSP|beng |
| 043 | |an-cn--- |
| 086 | 1 |aA22-508/2009E-PDF |
| 110 | 1 |aCanada. |bAgriculture and Agri-Food Canada. |
| 245 | 10|aReport of the Independent Investigator into the 2008 listeriosis outbreak |h[electronic resource] |
| 260 | |aOttawa - Ontario : |bAgriculture and Agri-Food Canada |cJuly 2009. |
| 300 | |a181p.|bglossary, graphs, tables |
| 590 | |a09-48|b2009-11-27 |
| 690 | 07|aFood safety|2gcpds |
| 775 | 08|tRapport de l'Enquêteure indépendante sur l'éclosion de listériose de 2008 |w(CaOODSP)9.637096 |
| 856 | 40|ahttp://publications.gc.ca|qPDF|s3103 KB|uhttps://publications.gc.ca/collections/collection_2009/agr/A22-508-2009E.pdf |